Le développement du droit privé européen. Le rôle de la tradition romaniste dans la formation du droit privé moderne.

Збережено в:
Бібліографічні деталі
Автор: Hamza, Gábor (autor)
Формат: Книга
Опубліковано: Budapest, Hongrie: L'Université Eötvös Loránd, Faculté de Droit, 2005.
Серія:Bibliotheca Iuridica. Publicationes Cathedrarum,
Предмети:
Теги: Додати тег
Немає тегів, Будьте першим, хто поставить тег для цього запису!

MARC

LEADER 00000nam a22000007a 4500
003 CL-VaPUC
005 20220822114704.0
008 220721t2005 ||||| |||| 00| 0 eng d
999 |c 437389  |d 437387 
020 |a 963 463 786 8 
022 |a 1586-8265 
040 |c Pontificia Universidad Católica de Valparaíso 
082 7 |a 346.4 HAM 2005  |2 22 
100 |a Hamza, Gábor  |9 594535  |e autor 
245 1 3 |a Le développement du droit privé européen.   |b Le rôle de la tradition romaniste dans la formation du droit privé moderne. 
260 |a Budapest, Hongrie:  |b L'Université Eötvös Loránd, Faculté de Droit,   |c 2005. 
300 |a 227 páginas.  
490 |a Bibliotheca Iuridica. Publicationes Cathedrarum,   |n  11.  
500 |a c.1 Donación Familia Prof. Alejandro Guzmán Brito. 
583 |c 20220721  |k Cristina María Rojas Aguilar 
650 |a Derecho privado   |x Historia   |z Europa  |9 873682 
650 |a Derecho romano  |9 873683 
650 |a Derecho privado moderno  |x Orígenes  |9 873684 
942 |2 ddc  |c BK  |n 0 
952 |0 0  |1 0  |2 ddc  |4 0  |6 346_400000000000000_HAM_2005  |7 1  |8 C_AGB  |9 585154  |a BIBDER  |b BIBDER  |d 2022-07-21  |e Donación   |i 5653180  |o 346.4 HAM 2005  |p 5653180  |r 2023-01-25  |t 1  |w 2022-07-21  |y BK_US  |k AGB